000 01033nas a2200337 4500
001 BR2013004340
003 BR-BrBNA
005 20231205122448.0
007 ta
008 230509b bl.|||p| |||| 00| 00por d
040 _aBR-BrBNA
_bpor
_cBiblioteca Nacional de Agricultura
041 _a(Pt)
072 _aL53
100 1 _aAllaman, I.B.
100 1 _aFreitas, R.T.F.
100 1 _aViveiros, A.T.M.
100 1 _aNascimento, A.F.
100 1 _aOliveira, G.R.
100 1 _aReis Neto, R.V.
245 1 _aEfeito materno e paterno sobre as taxas de fertilização e eclosão em curimba (Prochilodus lineatus)
650 _aPEIXE DE ÁGUA DOCE
650 _aFERTILIDADE ANIMAL
650 _aECLOSÃO
650 _aOVO
650 _aQUALIDADE
650 _aSÊMEN
650 _aHEREDITARIEDADE
773 0 _tArquivo Brasileiro de Medicina Veterinária e Zootecnia (Brazil)
_xISSN 0102-0935
_g(Dec 2012), v. 64(6) p. 1584-1590
_wBR2013004340
909 _a202311
_bLúcia
_c55
_dLúcia Elande
942 _2AGRIS
_n0
_cANA
999 _c228769
_d228769